MARC details
| 000 -CABECERA |
| campo de control de longitud fija |
01739cas a2200289 a 4500 |
| 005 - FECHA Y HORA DE LA ÚLTIMA TRANSACCIÓN |
| campo de control |
20250116063854.0 |
| 006 - ELEMENTOS DE LONGITUD FIJA – CARACTERÍSTICAS DE MATERIALES ADICIONALES – INFORMACIÓN GENERAL |
| campo de control de longitud fija |
s|||||o|||| 00| 0 |
| 008 - ELEMENTOS DE LONGITUD FIJA--INFORMACIÓN GENERAL |
| campo de control de longitud fija |
991125c2000 sp ar p|o 000 0 spa d |
| 022 ## - NÚMERO INTERNACIONAL NORMALIZADO PARA PUBLICACIONES SERIADAS |
| Número Internacional Normalizado para Publicaciones Seriadas |
2172-7775 |
| 035 ## - NÚMERO DE CONTROL DEL SISTEMA |
| Número de control de sistema |
UPN01000199628 |
| 040 ## - FUENTE DE LA CATALOGACIÓN |
| Centro catalogador/agencia de origen |
MX-MxUPN |
| Lengua de catalogación |
spa |
| Normas de descripción |
aacr2 |
| 049 ## - COLECCIÓN |
| Colección |
REV-E |
| 245 00 - MENCIÓN DE TÍTULO |
| Título |
Fuentes |
| Resto del título |
: revista de la Facultad de Ciencias de la Educación |
| Medio |
[recurso electrónico en línea] |
| 260 ## - PUBLICACIÓN, DISTRIBUCIÓN, ETC. |
| Lugar de publicación, distribución, etc. |
Sevilla : |
| Nombre del editor, distribuidor, etc. |
Universidad de Sevilla, Facultad de Ciencias de la Educación, |
| Fecha de publicación, distribución, etc. |
2000- |
| 310 ## - FRECUENCIA ACTUAL DE LA PUBLICACION |
| Periodicidad actual |
Anual |
| 506 0# - NOTA DE RESTRICCIONES AL ACCESO |
| Limitaciones de acceso |
Acceso abierto |
| 510 1# - NOTA DE CITAS O REFERENCIAS BIBLIOGRÁFICAS |
| Nombre de la fuente |
Rebiun |
| 510 1# - NOTA DE CITAS O REFERENCIAS BIBLIOGRÁFICAS |
| Nombre de la fuente |
Dialnet |
| 510 1# - NOTA DE CITAS O REFERENCIAS BIBLIOGRÁFICAS |
| Nombre de la fuente |
Latindex |
| 520 1# - NOTA DE RESUMEN, ETC. |
| Sumario, etc. |
"Es una publicación científica de la Facultad de Ciencias de la Educación de la Universidad de Sevilla para la difusión de ensayos y estudios, experiencias innovadoras relacionadas con la educación en cualquiera de sus campos de acción, contando para ello con las aportaciones de profesores e investigadores del ámbito nacional e internacional, todas ellas sometidas a evaluación externa. La temática elegida en cada número procura estar en sintonía con los acontecimientos sociales y educativos más relevantes de cada momento. La revista Fuentes, abierta a todos los profesionales, se ofrece como un instrumento para difundir las buenas prácticas en educación, para la investigación pedagógica, la reflexión y el intercambio de experiencias marcados por la calidad en la educación". |
| Fuente proveedora |
Fuentes : revista de la Facultad de Ciencias de la Educación. |
| 650 #4 - ASIENTO SECUNDARIO DE MATERIA - TERMINO TEMATICO |
| Término de materia o nombre geográfico como elemento de entrada |
Educación |
| 9 (RLIN) |
682 |
| 650 #4 - ASIENTO SECUNDARIO DE MATERIA - TERMINO TEMATICO |
| Término de materia o nombre geográfico como elemento de entrada |
Psicología |
| 9 (RLIN) |
38 |
| 856 40 - LOCALIZACIÓN Y ACCESO ELECTRÓNICOS |
| Identificador Uniforme del Recurso |
<a href="http://institucional.us.es/fuentes/">http://institucional.us.es/fuentes/</a> |
| 856 40 - LOCALIZACIÓN Y ACCESO ELECTRÓNICOS |
| Identificador Uniforme del Recurso |
<a href="http://dialnet.unirioja.es/servlet/revista?codigo=1816">http://dialnet.unirioja.es/servlet/revista?codigo=1816</a> |
| 905 ## - TIPO DE MATERIAL |
| Tipo de material |
Revista |
| 942 ## - ELEMENTOS DE PUNTO DE ACCESO ADICIONAL (KOHA) |
| Tipo de ítem Koha |
Revista Electrónica |